000 00391 a2200145 4500
999 _c6313
_d6313
020 _a1779003161
050 _aQH 308 DAR 1998
100 _aDarwin, Alan
_eauthor
245 _aFocus on "O" Level biology:
_bstudent's book/
_cAlan Darwin
264 _aHarare:
_bCollege Press,
_c1998
300 _a236p.:
_bill.
500 _aincludes index
650 _aBiology
942 _2lcc
_cBK
_h308
_iDAR
_kQH